|
|
|
|
| LEADER |
01127nam a2200337 4500 |
| 001 |
DLU090096522 |
| 005 |
##20091201 |
| 040 |
# |
# |
|a DLU
|b eng
|
| 041 |
# |
# |
|a eng
|
| 044 |
# |
# |
|a us
|
| 100 |
# |
# |
|a Burnett, W. J.
|
| 245 |
# |
# |
|a Subcuticular bacteria from the brittle star Ophiactis balli (Echinodermata : Ophiuroidea) represent a new lineage of extracellular marine symbionts in the alpha subdivision of the class Proteobacteria /
|c W. J. Burnett, J. D. McKenzie.
|
| 653 |
# |
# |
|a Animal microorganism relation
|
| 653 |
# |
# |
|a Bacteria
|
| 653 |
# |
# |
|a Extracellular
|
| 653 |
# |
# |
|a Invertebrata
|
| 653 |
# |
# |
|a Marine environment
|
| 653 |
# |
# |
|a Phylogeny
|
| 653 |
# |
# |
|a Ribosomal DNA
|
| 653 |
# |
# |
|a Symbiosis
|
| 700 |
# |
# |
|a McKenzie, J. D.
|
| 773 |
# |
# |
|t Applied and Environmental Microbiology
|g Vol. 63, no. 5 (May 1997), p. 1721-1724
|
| 920 |
# |
# |
|a Phòng Tạp chí -- Trung tâm Thông tin - Thư viện Trường Đại học Đà Lạt
|
| 994 |
# |
# |
|a DLU
|
| 900 |
# |
# |
|a True
|
| 911 |
# |
# |
|a Trương Bảo Trâm Anh
|
| 925 |
# |
# |
|a G
|
| 926 |
# |
# |
|a A
|
| 927 |
# |
# |
|a BB
|
| 980 |
# |
# |
|a Thư viện Trường Đại học Đà Lạt
|